Contractes mercantils

Detalles Bibliográficos
Autor principal: Garca̕ Arǹ, Gemma
Formato: Desconocido
Lenguaje:español
Publicado: [Madrid]: UOC, 1997
Materias:
Acceso en línea:Acceso restringido

MARC

LEADER 00000ny a22000003n 4500
005 20110527102848.0
008 080508t1997 sp s 000 0 spa c
020 |a 8483180227 
035 |a 1533 
040 |a UMA.RE  |d vLex 
080 |a 347.74/.76(075.8)(0.034) 
090 |c 312  |d 312 
100 1 |a Garca̕ Arǹ, Gemma 
245 1 0 |a Contractes mercantils  |h [Recurso electrn̤ico]  |c Gemma Garca̕ Arǹ 
256 |a Servicio en ln̕ea 
260 |a [Madrid]:  |b UOC,  |c 1997 
506 1 |a Contenido solo disponible en los productos indicados  |d vLex Global  |d vLex Global (Academic Edition, excluding Law Schools)  |d vLex Global (U.S. Academic Edition, Law Schools)  |d vLex Global (U.S. Academic Edition, excluding Law Schools)  |d vLex Global (Academic Edition, Law Schools) 
650 0 7 |a Contratos  |2 Tesauro vLex 
650 0 7 |a Civil  |2 Tesauro vLex 
650 0 7 |a Contratos mercantiles  |2 Tesauro vLex 
740 0 |a vLex Libros (Servicios en ln̕ea) 
856 4 0 |u http://vlex.com/source/1533  |z Acceso restringido 
942 |c BOOK 
999 0 |a Contracts  |b Madrid